Vencer la dislexia
I tiakina i:
| Kaituhi matua: | |
|---|---|
| Hōputu: | Pukapuka |
| Reo: | Pāniora |
| I whakaputaina: |
Buenos Aires
Emecé
2000
|
| Putanga: | 1a. ed |
| Rangatū: | Hechos Reales
|
| Ngā marau: | |
| Ngā Tūtohu: |
Tāpirihia he Tūtohu
Kāore He Tūtohu, Me noho koe te mea tuatahi ki te tūtohu i tēnei pūkete!
|
MARC
| LEADER | 00000nam a2200000 a 4500 | ||
|---|---|---|---|
| 001 | UCL9001 | ||
| 003 | CL-VaPUC | ||
| 008 | 040716e20000000AG |||||||||||||||||spa|d | ||
| 020 | |a 9500421429 | ||
| 082 | 0 | 4 | |a 616.8553 |b SIM |2 21 |
| 100 | 0 | |a Simpson, Eileen B |e author |9 486882 | |
| 245 | 1 | 0 | |a Vencer la dislexia |
| 250 | |a 1a. ed | ||
| 300 | |a 314 p | ||
| 942 | |c BK | ||
| 945 | |d 20040716 00:00:00 |a cmena | ||
| 260 | |a Buenos Aires |b Emecé |c 2000 | ||
| 650 | 0 | |a Dislexia |9 307487 | |
| 650 | 0 | |a Trastornos del lenguaje |9 336278 | |
| 650 | 7 | |a LENGUAJE ESCRITO |2 CL-VaPUC |9 454872 | |
| 650 | 0 | |a Desarrollo individual |9 307875 | |
| 583 | |a last modification |c 20040716 00:00:00 |k Rodrigo Vera | ||
| 490 | 0 | |a Hechos Reales | |
| 999 | |c 310001 |d 309999 | ||
| 952 | |0 0 |1 0 |4 0 |6 616_855300000000000_SIM_2000 |7 0 |8 A |9 378005 |a BIBEDU |b BIBEDU |d 2019-11-21 |i 4036484 |o 616.8553 SIM 2000 |p 4036484 |r 2019-11-21 |w 2019-11-21 |y BK |k EPE | ||